000 00487nam a2200121Ia 4500
008 220615s9999||||xx |||||||||||||| ||und||
100 _aBryan, Eric Shane
245 0 _aIcelandic Folklore and the Cultural Memory of Religious Change
546 _aEnglish[eng]
650 _aIcelandic folktales; Scandinavian folklore; Old Norse Christianization; Icelandic Reformation; cultural memory
856 _uhttps://library.oapen.org/bitstream/20.500.12657/46602/1/9781641893763.pdf
942 _cEB
999 _c14844
_d14844